000 nam a22 a 4500
999 _c1039
_d1039
003 AKMAL
005 20170508111715.0
008 170508s1993 my a bi a001 may d
020 _a9836233709 (kkt.) :
_cRM 30.00
040 _aAKMAL
082 0 4 _a297.1977 SID
_222
090 0 0 _a297.1977
_bSID
100 1 _aSiddiqui, Muhammad Yasin Mazhar
_92179
245 1 0 _aOrganisasi kerajaan pimpinan Rasulullah /
_cMuhammad Yasin Mazhar ; penterjemah Khalil Mohd. Zain, Md. Yunus Md. Said
260 0 0 _aKuala Lumpur :
_bDewan Bahasa dan Pustaka ,
_c1993
300 0 0 _axxi, 588ms. :
_bil. ;
_c22cm.
500 _aMengandungi indeks
500 _aTerjemahan dari: Organization of government under the Holy Prophets (S.A.W).-Lahore: Islamic Publication, 1993
504 _aBibliografi: ms. [537]-559
600 0 _aMuhammad,
_cProphet,
_d-632
_91135
650 _aMuslim
_xHistory
_zArabian Peninsular
_92180
651 _aIslamic Empire
_xPolitics and government
_92181
651 _aIslamic Empire
_xHistory
_y622-661
_92182
700 0 _aKhalil Mohd. Zain
_92183
700 0 _aMd. Yunus Md. Zain
_92184
942 _2ddc
_cBOOK